| 000 | 00391nam a2200145Ia 4500 | ||
|---|---|---|---|
| 008 | 231129s1998||||xx |||||||||||||| ||spa|| | ||
| 020 | _a84-8265-084-X | ||
| 040 | _bspa | ||
| 082 | _a863 J91co | ||
| 100 | _aJuan Manuel | ||
| 245 | 0 | _aEl Conde Lucanor | |
| 260 | _c1998 | ||
| 264 | _aMadrid EspaƱa : Club Internacional del Libro | ||
| 942 |
_2ddc _cBKS |
||
| 999 |
_c10644 _d10644 |
||